| 000 | 00785nam a2200265Ia 4500 | ||
|---|---|---|---|
| 001 | Para_3844 | ||
| 003 | CHAP | ||
| 008 | 220125s1936 xx 000 0 und d | ||
| 010 | _a202365 | ||
| 040 | _cCHAP | ||
| 090 | _aPA FOLLETO 1066 | ||
| 100 |
_aVilleneuve de Jant, J _9119796 |
||
| 245 |
_aNotes sur quelques larvaevoridae africains / _c J. Villeneuve de Janti |
||
| 260 |
_aBruxeles : _b Musée royal d'Histoire naturelle de Belgique |
||
| 300 | _a5 p. | ||
| 440 |
_aMusée royal d'Histoire naturelle de Belgique. Bulletin; 12-12 _9167521 |
||
| 650 |
_aTachinidae _9111320 |
||
| 901 | _aPA FOLLETO 1066 | ||
| 902 | _aA | ||
| 905 | _a0000001936 BRU 0000000000 00 | ||
| 910 | _a1936 | ||
| 942 | _cPARA | ||
| 942 |
_cPARA _d1 |
||
| 999 |
_c202365 _d202365 |
||